| 000 | 00413nam a2200169Ia 4500 | ||
|---|---|---|---|
| 003 | OSt | ||
| 005 | 20240621120434.0 | ||
| 008 | 170619s9999 xx 000 0 und d | ||
| 020 | _a978-9352020652 | ||
| 040 | _cIIMT ENGINEERING COLLEGE | ||
| 100 | _aAswathappa K | ||
| 245 | 0 | _aOrganisational Behaviour : Text Cases Games | |
| 260 | _bNew Dehi HPH | ||
| 260 | _c2007 | ||
| 546 | _aENGLISH | ||
| 942 |
_2ddc _c02 |
||
| 999 |
_c22331 _d22331 |
||